Raj, the Indian muting and the kingdom of Oudh 1801--1859 (Record no. 225938)

MARC details
000 -LEADER
fixed length control field 00746nam a2200253Ia 4500
003 - CONTROL NUMBER IDENTIFIER
control field OSt
005 - DATE AND TIME OF LATEST TRANSACTION
control field 20220918202612.0
008 - FIXED-LENGTH DATA ELEMENTS--GENERAL INFORMATION
fixed length control field 220917b |||||||| |||| 00| 0 eng d
037 ## - SOURCE OF ACQUISITION
Terms of availability Textual
040 ## - CATALOGING SOURCE
Original cataloging agency ARTS
Transcribing agency ARTS
Language of cataloging eng
041 ## - LANGUAGE CODE
Source of code eng
Language code of text/sound track or separate title eng
100 ## - MAIN ENTRY--PERSONAL NAME
Personal name Pemble John
9 (RLIN) 104546
245 #0 - TITLE STATEMENT
Title Raj, the Indian muting and the kingdom of Oudh 1801--1859
260 ## - PUBLICATION, DISTRIBUTION, ETC.
Place of publication, distribution, etc. Hassocks
Name of publisher, distributor, etc. Harvester Press
Date of publication, distribution, etc. 1977
300 ## - PHYSICAL DESCRIPTION
Extent 303p. maps, plates
Dimensions cm.
500 ## - GENERAL NOTE
General note Appendices p258-263 (1-2); Bibliography p285--293
650 ## - SUBJECT ADDED ENTRY--TOPICAL TERM
Topical term or geographic name entry element HISTORY
942 ## - ADDED ENTRY ELEMENTS (KOHA)
Classification part V25292.M59<-M01, L7
Koha item type Textual
Source of classification or shelving scheme Colon Classification (CC)
Holdings
Withdrawn status Lost status Damaged status Not for loan Home library Current library Date acquired Total Checkouts Full call number Barcode Date last seen Price effective from Koha item type
        Arts Library Arts Library 2022-09-18   V25292.M59<-M01 L7 AL0598495 2022-09-18 2022-09-18 Textual
Copyright @ Delhi University Library System